000 00646nam a2200193 4500
001 121398
003 ES-MaACL
005 20230906191739.0
007 t|
008 070214s1951 sp r ||||1| spa d
100 1 _aPla Cargol, Joaquín.
_992486
245 1 0 _aPlazas fuertes y castillos en tierras gerundeses /
_cpor Joaquín Pla Cargol.
260 _aGerona [etc.] :
_bDalmáu Carles,
_c1951.
300 _a298 p. :
_bil. ;
_c25 cm.
490 1 _aBiblioteca gerundense de estudios e investigaciones
830 0 _aBiblioteca gerundense de estudios e investigaciones
_9186505
852 _aES-MaACL
_jD-6799
_bR.31168
999 _c121398
_d121398